La evangelización en América y sus retos : respuestas de los protagonistas /
Salvato in:
| Autore principale: | |
|---|---|
| Natura: | Libro |
| Lingua: | Spanish |
| Pubblicazione: |
San José, Costa Rica :
Promesa,
[2002]
|
| Serie: | Historia
2 |
| Soggetti: | |
| Tags: |
Aggiungi Tag
Nessun Tag, puoi essere il primo ad aggiungerne!!
|
MARC
| LEADER | 00000mam a22000004a 4500 | ||
|---|---|---|---|
| 001 | 3369437 | ||
| 005 | 20160113134310.0 | ||
| 008 | 021101s2002 cr b 000 0 spa c | ||
| 020 | |a 9968410233 | ||
| 040 | |a FUG |c FUG |d CIICLA UCR | ||
| 041 | |a spa | ||
| 082 | |a 282.8 |b L966e | ||
| 100 | 1 | |a Luque Alcaide, Elisa | |
| 245 | 1 | 3 | |a La evangelización en América y sus retos : |b respuestas de los protagonistas / |c Elisa Luque Alcaide. |
| 260 | |a San José, Costa Rica : |b Promesa, |c [2002] | ||
| 300 | |a 113 páginas ; |c 21 centímetros. | ||
| 490 | 1 | |a Historia |v 2 | |
| 504 | |a Incluye referencias bibliográficas. | ||
| 610 | 1 | 4 | |a IGLESIA CATOLICA EN AMERICA LATINA |
| 610 | 1 | 4 | |a CRISTIANISMO Y CULTURA |
| 610 | 1 | 4 | |a EVANGELIZACION |
| 610 | 1 | 4 | |a IGLESIA CATOLICA |z MEXICO |y SIGLO XVI |
| 942 | |2 ddc |c BK | ||
| 999 | |c 4549 |d 4549 | ||



